000 00576nam a22001937a 4500
003 OSt
005 20140310182332.0
008 130924t xxu||||| |||| 00| 0 eng d
020 _a9781850382805
050 _aBS 551
_b.St884
082 _aGS 220.9
_bM22 1900
245 _aStories from the Bible /
_cwritten by Katherine McLean; illustrated by Edgar Hodges.
260 _aWoodford Green, Essex, U.K :
_b Holland Enterprises,
300 _a125 p. :
_bcol. ill, ;
_c28 cm.
541 _j1
562 _e1
650 _a Bible stories
_910553
942 _2lcc
_cBK-GS
999 _c11993
_d11993